Art after war, 1948-1969 / (Record no. 5831)

MARC details
000 -LEADER
fixed length control field 02083cam a2200505 i 4500
001 - CONTROL NUMBER
control field 19152353
003 - CONTROL NUMBER IDENTIFIER
control field OSt
005 - DATE AND TIME OF LATEST TRANSACTION
control field 20260428170718.0
008 - FIXED-LENGTH DATA ELEMENTS--GENERAL INFORMATION
fixed length control field 160625t20152015ph a b 001 0 eng d
010 ## - LIBRARY OF CONGRESS CONTROL NUMBER
LC control number 2016329565
020 ## - INTERNATIONAL STANDARD BOOK NUMBER
International Standard Book Number 9786219523400
035 ## - SYSTEM CONTROL NUMBER
System control number 19152353
035 ## - SYSTEM CONTROL NUMBER
System control number (OCoLC)933561222
040 ## - CATALOGING SOURCE
Original cataloging agency COD
Language of cataloging Foundation University
Transcribing agency Foundation University
Description conventions rda
042 ## - AUTHENTICATION CODE
Authentication code lccopycat
-- lcode
043 ## - GEOGRAPHIC AREA CODE
Geographic area code a-ph---
050 00 - LIBRARY OF CONGRESS CALL NUMBER
Classification number N 7325
Item number .F56 2015
100 1# - MAIN ENTRY--PERSONAL NAME
Personal name Flores, Patrick D.,
Relator term author.
9 (RLIN) 15314
245 10 - TITLE STATEMENT
Title Art after war, 1948-1969 /
Statement of responsibility, etc. Patrick D. Flores.
264 #1 - PRODUCTION, PUBLICATION, DISTRIBUTION, MANUFACTURE, AND COPYRIGHT NOTICE
Place of production, publication, distribution, manufacture Pasig City, Philippines :
Name of producer, publisher, distributor, manufacturer Published and exclusively distributed by The Modern Reader,
Date of production, publication, distribution, manufacture, copy right date [2015]
264 #4 - PRODUCTION, PUBLICATION, DISTRIBUTION, MANUFACTURE, AND COPYRIGHT NOTICE
Date of production, publication, distribution, manufacture, copy right date ©2015
Copyright Date 2015
300 ## - PHYSICAL DESCRIPTION
Extent 252 pages :
Other physical details illustrations (chiefly color) ;
Dimensions 32 cm.
Materials specified books
Type of unit books
336 ## - CONTENT TYPE
Content type term text
Content type code txt
Source rdacontent
Materials specified books
336 ## - CONTENT TYPE
Content type term still image
Content type code sti
Source rdacontent
Materials specified books
337 ## - MEDIA TYPE
Media type term unmediated
Media type code n
Source rdamedia
Materials specified books
338 ## - CARRIER TYPE
Carrier type term volume
Carrier type code nc
Source rdacarrier
Materials specified n
490 0# - SERIES STATEMENT
Series statement Philippine artscape
500 ## - GENERAL NOTE
General note The Modern Reader is a publishing imprint of Strathmore Management, Inc. Publication statement on verso of title page written as Strathmore Management, Inc.
504 ## - BIBLIOGRAPHY, ETC. NOTE
Bibliography, etc. note Includes bibliographical references (pages 244-245) and index.
546 ## - LANGUAGE NOTE
Language note In English.
611 27 - SUBJECT ADDED ENTRY--MEETING NAME
Meeting name or jurisdiction name as entry element World War (1939-1945)
Source of heading or term fast
9 (RLIN) 15745
648 #7 - SUBJECT ADDED ENTRY--CHRONOLOGICAL TERM
Chronological term 1900 - 1999
Source of heading or term fast
9 (RLIN) 9118
650 #0 - SUBJECT ADDED ENTRY--TOPICAL TERM
Topical term or geographic name entry element Art, Philippine
Chronological subdivision 20th century.
9 (RLIN) 13168
650 #0 - SUBJECT ADDED ENTRY--TOPICAL TERM
Topical term or geographic name entry element World War, 1939-1945
Form subdivision Art and the war.
9 (RLIN) 15746
650 #0 - SUBJECT ADDED ENTRY--TOPICAL TERM
Topical term or geographic name entry element World War, 1939-1945
General subdivision Influence.
9 (RLIN) 15747
650 #7 - SUBJECT ADDED ENTRY--TOPICAL TERM
Topical term or geographic name entry element Art, Philippine.
Source of heading or term fast
9 (RLIN) 11163
650 #7 - SUBJECT ADDED ENTRY--TOPICAL TERM
Topical term or geographic name entry element Influence (Literary, artistic, etc.)
Source of heading or term fast
9 (RLIN) 15748
651 #7 - SUBJECT ADDED ENTRY--GEOGRAPHIC NAME
Geographic name Philippines.
Source of heading or term fast
9 (RLIN) 7289
655 #7 - INDEX TERM--GENRE/FORM
Genre/form data or focus term Art.
Source of term fast
9 (RLIN) 15749
655 #7 - INDEX TERM--GENRE/FORM
Genre/form data or focus term Art.
Source of term lcgft
Authority record control number or standard number https://id.loc.gov/authorities/genreForms/gf2017027218
9 (RLIN) 15749
906 ## - LOCAL DATA ELEMENT F, LDF (RLIN)
a 7
b cbc
c copycat
d 3
e ncip
f 20
g y-gencatlg
942 ## - ADDED ENTRY ELEMENTS (KOHA)
Source of classification or shelving scheme Library of Congress Classification
Koha item type Books
Classification part N 7325
Item part .2015 F56
Call number prefix (DAFA-FA)
Holdings
Withdrawn status Lost status Source of classification or shelving scheme Damaged status Not for loan Collection code Home library Current library Shelving location Date acquired Source of acquisition Total Checkouts Full call number Barcode Date last seen Price effective from Koha item type Accession Number
    Library of Congress Classification     Non-fiction Foundation University Library Foundation University Library DoArchitecture & Fine Arts 04/28/2026 Donations   (DAFA-FA) N 7325 .2015 F56 0192026003331 04/28/2026 04/28/2026 Books DAFA-2026331